El león de Comarre
Gespeichert in:
| 1. Verfasser: | |
|---|---|
| Format: | Buch |
| Sprache: | Spanisch |
| Veröffentlicht: |
Madrid
Luis de Caralt
1990
|
| Schriftenreihe: | Colección Biblioteca Contemporánea. Clásicos Bestsellers, 52
|
| Schlagworte: | |
| Tags: |
Tag hinzufügen
Keine Tags, Fügen Sie den ersten Tag hinzu!
|
MARC
| LEADER | 00000nam a2200000 a 4500 | ||
|---|---|---|---|
| 001 | UCP1199 | ||
| 003 | CL-VaPUC | ||
| 008 | 990401e19900000SP |||||||||||||||||spa|d | ||
| 082 | 0 | 4 | |a 823 |b CLA |2 21 |
| 100 | 0 | |a Clarke, Arthur C |e author |9 427120 | |
| 245 | 1 | 3 | |a El león de Comarre |
| 246 | 1 | 0 | |a A la caída de la noche |
| 300 | |a 222 p | ||
| 942 | |c BK | ||
| 945 | |d 19990401 00:00:00 |a rbrito | ||
| 260 | |a Madrid |b Luis de Caralt |c 1990 | ||
| 650 | 0 | |a Novelas inglesas |9 265220 | |
| 650 | 0 | |a Ciencia ficción |9 314542 | |
| 583 | |a last modification |c 19990401 00:00:00 |k Rodrigo Vera | ||
| 490 | 0 | |a Colección Biblioteca Contemporánea. Clásicos Bestsellers, 52 | |
| 999 | |c 279906 |d 279904 | ||